| 000 | 00841nam a22002777a 4500 | ||
|---|---|---|---|
| 003 | CHAP | ||
| 005 | 20220329135621.0 | ||
| 008 | 971013s1988 mx r 00010 spa d | ||
| 010 | _a39371 | ||
| 011 | _a40343 | ||
| 035 | _a44468 | ||
| 040 | _cCHAP | ||
| 082 | 0 | 4 |
_a658.56 _bM65 |
| 100 | 0 | 0 |
_aMontaño, Agustín. _977758 |
| 245 | 1 | 0 |
_aAdministración de la producción _c/por Agustín Montaño |
| 260 |
_aMéxico : _bTrillas, _c1988 |
||
| 300 | _a315 p. | ||
| 590 |
_aBATCH-UPD _b10 _c20130110 _lUCH01 _h1329 |
||
| 590 |
_aBATCH-UPD _b10 _c20130410 _lUCH01 _h0835 |
||
| 590 |
_aBATCH-UPD _b10 _c20130914 _lUCH01 _h1938 |
||
| 590 |
_aCONVERSION _b10 _c20130109 _lUCH01 _h1322 |
||
| 650 | 1 | 4 |
_aProductividad del trabajo. _991869 |
| 901 | _aBK | ||
| 942 | _cLIBRO | ||
| 949 |
_a658.56 M65 _bBC _cMUT _d-101840 _eMUT _gI.C/E _h75452 _i44468 _mDir _si _t14.00 |
||
| 999 |
_c39371 _d39371 |
||